000 01190nam a22002417a 4500
005 2010080302192.0
010 _aHIN-89980
020 _c325.00
_a8181050347
035 _aHN-62326
037 _bDBAD / PUB
082 _a
100 _aचट्टोपाध्याय, संजीव
_95511
245 _aदीनजन /
_cसंजीव चट्टोपाध्याय;ममता खरे द्वारा अनुवादित
246 _aDeenjan
_bby Sanjeev Chattopadhyay;Translated by Mamta Khare
260 _aदिल्ली
_bगौरव प्रकाशन
_c2010
270 _a518/6-बी, कड़कड़ी रोड़, विश्वास नगर, शाहदरा
_bदिल्ली
_e110032
300 _a256पृ.
_c22सेमी (सजिल्द)
650 _bहिन्दी कथा साहित्य
_9657
650 _bHindi Katha Sahitya
_9658
700 _95361
_aखरे, ममता
942 _2ddc
_cHN
_h
_mचट्टोपा
999 _c39059
_d39059